| 000 | 00968nam a2200289 a 4500 | ||
|---|---|---|---|
| 001 | 65882 | ||
| 003 | BD-RjUL | ||
| 005 | 20211209081458.0 | ||
| 008 | 170313s1995 enka b 001 0 eng | ||
| 020 |
_a0471930598 : _c$73.55 |
||
| 035 | _aMITb10783736 | ||
| 035 | _a(BD-RjUL) 66012 | ||
| 040 |
_aDLC _cDLC _dC#P _dUKM _dBD-RjUL _beng |
||
| 041 | _aeng | ||
| 082 | 0 | 0 |
_a004.36 _223 _bMOD 1995 |
| 245 | 0 | 0 |
_aModelling with generalized stochastic Petri nets / _cM. Ajmone Marsan ... [et al.]. |
| 260 |
_aNew York : _bWiley, _cc1995. |
||
| 300 |
_axxi, 301 p. : _bill. ; _c26 cm. |
||
| 490 | 1 | _aWiley series in parallel computing | |
| 504 | _aIncludes bibliographical references (p. [289]-293) and index. | ||
| 650 | 0 |
_aElectronic data processing _xDistributed processing. _9194822 |
|
| 650 | 0 |
_aPetri nets. _9194823 |
|
| 700 | 1 |
_aAjmone Marsan, M. _9194824 |
|
| 830 | 0 |
_aWiley series in parallel computing. _9194826 |
|
| 942 |
_2ddc _cBK |
||
| 949 |
_ae _p39080013405177 |
||
| 999 |
_c65882 _d65882 |
||